Estándares de desempeño: para la formación inicial de docentes

Đã lưu trong:
Chi tiết về thư mục
Tác giả chính: Avalos Davidson, Beatrice (Tác giả)
Định dạng: Sách
Ngôn ngữ:Tiếng Tây Ban Nha
Được phát hành: Santiago Ministerio de Educación 2000
Loạt:Programa de Fortalecimiento de la Formación Inicial de Docentes
Những chủ đề:
Các nhãn: Thêm thẻ
Không có thẻ, Là người đầu tiên thẻ bản ghi này!

MARC

LEADER 00000nam a2200000 a 4500
001 UCN2370
003 CL-VaPUC
008 010518e20000000CL |||||||||||||||||spa|d
082 0 4 |a 371.144  |b AVA  |2 21 
100 0 |a Avalos Davidson, Beatrice  |e author  |9 458170 
245 1 0 |a Estándares de desempeño: para la formación inicial de docentes 
300 |a 90 p 
942 |c BK 
945 |d 20010518 00:00:00  |a cmena 
260 |a Santiago  |b Ministerio de Educación  |c 2000 
650 0 |a Evaluación docente  |9 382859 
650 0 |a Formación profesional de profesores  |9 307493 
650 0 |a Planificación de la educación   |9 307333 
583 |a last modification  |c 20170910 21:05:31  |k Rodrigo Vera 
490 0 |a Programa de Fortalecimiento de la Formación Inicial de Docentes 
999 |c 295474  |d 295472 
952 |0 0  |1 0  |4 0  |6 371_144000000000000_AVA_2000  |7 0  |8 A  |9 348571  |a BIBEDU  |b BIBEDU  |d 2019-11-20  |i 372641K  |o 371.144 AVA 2000  |p 372641K  |r 2023-01-12  |w 2019-11-20  |y BK  |k MUS 
952 |0 0  |1 0  |4 0  |6 371_144000000000000_AVA_2000  |7 0  |8 A  |9 348572  |a BIBEDU  |b BIBEDU  |d 2019-11-20  |i 3726428  |o 371.144 AVA 2000  |p 3726428  |r 2023-01-12  |w 2019-11-20  |y BK  |k MUS 
952 |0 0  |1 0  |4 0  |6 371_144000000000000_AVA_2000  |7 0  |8 A  |9 348573  |a BIBTEO  |b BIBTEO  |d 2019-11-20  |i 3726371  |o 371.144 AVA 2000  |p 3726371  |r 2025-01-17  |w 2019-11-20  |y BK  |k ICR 
952 |0 0  |1 0  |4 0  |6 371_144000000000000_AVA_2000  |7 0  |8 A  |9 348574  |a BIBTEO  |b BIBTEO  |d 2019-11-20  |i 372638K  |o 371.144 AVA 2000  |p 372638K  |r 2025-01-17  |w 2019-11-20  |y BK  |k ICR 
952 |0 0  |1 0  |4 0  |6 371_144000000000000_AVA_2000  |7 0  |8 A  |9 348575  |a BIBTEO  |b BIBTEO  |d 2019-11-20  |i 3726401  |o 371.144 AVA 2000  |p 3726401  |r 2025-01-17  |w 2019-11-20  |y BK  |k ICR 
952 |0 0  |1 0  |4 0  |6 371_144000000000000_AVA_2000  |7 0  |8 A  |9 348576  |a BIBMAT  |b BIBMAT  |c E_DIDACT  |d 2019-11-20  |i 3726339  |o 371.144 AVA 2000  |p 3726339  |r 2025-01-07  |w 2019-11-20  |y BK  |k MAT 
952 |0 0  |1 0  |4 0  |6 371_144000000000000_AVA_2000  |7 0  |8 A  |9 348577  |a BIBMAT  |b BIBMAT  |c E_DIDACT  |d 2019-11-20  |i 3726347  |o 371.144 AVA 2000  |p 3726347  |r 2025-01-07  |w 2019-11-20  |y BK  |k MAT 
952 |0 0  |1 0  |4 0  |6 371_144000000000000_AVA_2000  |7 0  |8 A  |9 348578  |a BIBMAT  |b BIBMAT  |c E_DIDACT  |d 2019-11-20  |i 3726355  |o 371.144 AVA 2000  |p 3726355  |r 2025-01-07  |w 2019-11-20  |y BK  |k MAT 
952 |0 0  |1 0  |4 0  |6 371_144000000000000_AVA_2000  |7 0  |8 A  |9 348579  |a BIBMAT  |b BIBMAT  |c E_DIDACT  |d 2019-11-20  |i 3726363  |o 371.144 AVA 2000  |p 3726363  |r 2025-01-07  |w 2019-11-20  |y BK  |k MAT 
952 |0 0  |1 0  |4 0  |6 371_144000000000000_AVA_2000  |7 0  |8 A  |9 348580  |a BIBHIS  |b BIBHIS  |d 2019-11-20  |i 3726282  |o 371.144 AVA 2000  |p 3726282  |r 2025-01-20  |w 2019-11-20  |y BK  |k HIS 
952 |0 0  |1 0  |4 0  |6 371_144000000000000_AVA_2000  |7 0  |8 A  |9 348581  |a BIBHIS  |b BIBHIS  |d 2019-11-20  |i 3726290  |o 371.144 AVA 2000  |p 3726290  |r 2025-01-20  |w 2019-11-20  |y BK  |k HIS 
952 |0 0  |1 0  |4 0  |6 371_144000000000000_AVA_2000  |7 0  |8 A  |9 348582  |a BIBHIS  |b BIBHIS  |d 2019-11-20  |i 3726304  |o 371.144 AVA 2000  |p 3726304  |r 2025-01-20  |w 2019-11-20  |y BK  |k HIS 
952 |0 0  |1 0  |4 0  |6 371_144000000000000_AVA_2000  |7 0  |8 A  |9 348583  |a BIBHIS  |b BIBHIS  |d 2019-11-20  |i 3726312  |o 371.144 AVA 2000  |p 3726312  |r 2025-01-20  |w 2019-11-20  |y BK  |k HIS 
952 |0 0  |1 0  |4 0  |6 371_144000000000000_AVA_2000  |7 0  |8 A  |9 348584  |a BIBHIS  |b BIBHIS  |d 2019-11-20  |i 3726320  |o 371.144 AVA 2000  |p 3726320  |r 2025-01-20  |w 2019-11-20  |y BK  |k HIS 
952 |0 0  |1 0  |4 0  |6 371_144000000000000_AVA_2000  |7 0  |8 A  |9 348586  |a BIBCUR  |b BIBCUR  |d 2019-11-20  |i 372624K  |o 371.144 AVA 2000  |p 372624K  |r 2025-04-22  |w 2019-11-20  |y BK  |k BCB 
952 |0 0  |1 0  |4 0  |6 371_144000000000000_AVA_2000  |7 0  |8 A  |9 348588  |a BIBCUR  |b BIBCUR  |d 2019-11-20  |i 3726266  |o 371.144 AVA 2000  |p 3726266  |r 2025-04-22  |w 2019-11-20  |y BK  |k BCB 
952 |0 0  |1 0  |4 0  |6 371_144000000000000_AVA_2000  |7 0  |8 A  |9 348589  |a BIBCUR  |b BIBCUR  |d 2019-11-20  |i 3726274  |o 371.144 AVA 2000  |p 3726274  |r 2025-04-22  |w 2019-11-20  |y BK  |k BCB 
952 |0 0  |1 0  |4 0  |6 371_144000000000000_AVA_2000  |7 0  |8 A  |9 348590  |a BIBGIM  |b BIBGIM  |d 2019-11-20  |i 3726169  |o 371.144 AVA 2000  |p 3726169  |r 2025-01-15  |w 2019-11-20  |y BK  |k GIM 
952 |0 0  |1 0  |4 0  |6 371_144000000000000_AVA_2000  |7 0  |8 A  |9 348591  |a BIBGIM  |b BIBGIM  |d 2019-11-20  |i 3726177  |o 371.144 AVA 2000  |p 3726177  |r 2025-01-15  |w 2019-11-20  |y BK  |k GIM 
952 |0 0  |1 0  |4 0  |6 371_144000000000000_AVA_2000  |7 0  |8 A  |9 348592  |a BIBGIM  |b BIBGIM  |d 2019-11-20  |i 3726185  |o 371.144 AVA 2000  |p 3726185  |r 2025-01-15  |w 2019-11-20  |y BK  |k GIM 
952 |0 0  |1 0  |4 0  |6 371_144000000000000_AVA_2000  |7 0  |8 A  |9 348593  |a BIBGIM  |b BIBGIM  |d 2019-11-20  |i 3726193  |o 371.144 AVA 2000  |p 3726193  |r 2025-01-15  |w 2019-11-20  |y BK  |k GIM 
952 |0 0  |1 0  |4 0  |6 371_144000000000000_AVA_2000  |7 0  |8 A  |9 348594  |a BIBGIM  |b BIBGIM  |d 2019-11-20  |i 3726207  |o 371.144 AVA 2000  |p 3726207  |r 2025-01-15  |w 2019-11-20  |y BK  |k GIM 
952 |0 0  |1 0  |4 0  |6 371_144000000000000_AVA_2000  |7 0  |8 A  |9 348595  |a BIBGIM  |b BIBGIM  |d 2019-11-20  |i 3726215  |o 371.144 AVA 2000  |p 3726215  |r 2025-01-15  |w 2019-11-20  |y BK  |k GIM 
952 |0 0  |1 0  |4 0  |6 371_144000000000000_AVA_2000  |7 0  |8 A  |9 348596  |a BIBGIM  |b BIBGIM  |d 2019-11-20  |i 3726223  |o 371.144 AVA 2000  |p 3726223  |r 2025-01-15  |w 2019-11-20  |y BK  |k GIM 
952 |0 0  |1 0  |4 0  |6 371_144000000000000_AVA_2000  |7 0  |8 A  |9 348599  |a BIBEDU  |b BIBEDU  |d 2019-11-20  |i 3726002  |o 371.144 AVA 2000  |p 3726002  |r 2019-11-20  |w 2019-11-20  |y BK  |k BME 
952 |0 0  |1 0  |4 0  |6 371_144000000000000_AVA_2000  |7 0  |8 A  |9 348601  |a BIBEDU  |b BIBEDU  |d 2019-11-20  |i 3726029  |o 371.144 AVA 2000  |p 3726029  |r 2019-11-20  |w 2019-11-20  |y BK  |k BME 
952 |0 0  |1 0  |4 0  |6 371_144000000000000_AVA_2000  |7 0  |8 A  |9 348610  |a BIBEDU  |b BIBEDU  |d 2019-11-20  |i 3726134  |o 371.144 AVA 2000  |p 3726134  |r 2019-11-20  |w 2019-11-20  |y BK  |k BME 
952 |0 0  |1 0  |4 0  |6 371_144000000000000_AVA_2000  |7 0  |8 A  |9 348611  |a BIBEDU  |b BIBEDU  |d 2019-11-20  |i 3726142  |o 371.144 AVA 2000  |p 3726142  |r 2019-11-20  |w 2019-11-20  |y BK  |k BME 
952 |0 0  |1 0  |4 0  |6 371_144000000000000_AVA_2000  |7 0  |8 A  |9 348613  |a BIBTEO  |b BIBTEO  |d 2019-11-20  |i 4412303  |o 371.144 AVA 2000  |p 4412303  |r 2025-01-17  |w 2019-11-20  |y BK  |k ICR